000 00616nam a2200193 4500
001 136937
003 ES-MaACL
005 20260505130333.0
007 t|
008 070214s1945 ag r ||||1| spa d
100 _aSaint-Exupéry, Antoine de,
_d1900-1944
_9239169
245 1 0 _aPiloto de guerra /
_cAntoine de Saint-Exupéry ; traducción de María Teresa López.
250 _a2ª. ed.
260 _aBuenos Aires :
_bEd. Sudamericana,
_c1945.
300 _a231 p. ;
_c19 cm.
700 1 _aLópez, María Teresa.
_973357
852 _aES-MaACL
_jE-1150
_bR.27252
999 _c136937
_d136937